Principles of macroeconomics

Bibliographic Details
Main Authors: Ruffin, Roy J. (Author), Gregory, Paul R. (Author)
Format: Book
Language:English
Published: Glenview, Illinois : Scott, Foresman and Company 1983
Subjects:

MARC

LEADER 00000cam a2200000 7i4500
001 0000000591
005 20240919.0
008 240423 ilu a eng
020 |a 067315856x (paperback) 
040 |a INS   |b eng   |e rda 
090 0 0 |a HB171.5   |b .R82 1983 
100 1 |a Ruffin, Roy J. ,   |e author 
245 1 0 |a Principles of macroeconomics   |c Roy J. Ruffin, Paul R. Gregory 
264 1 |a Glenview, Illinois :   |b Scott, Foresman and Company   |c 1983 
264 4 |c ©1983 
300 |a xxix, 416 pages :   |b illustrations ;   |c 25 cm. 
336 |a text  |2 rdacontent 
337 |a unmediated  |2 rdamedia 
338 |a volume  |2 rdacarrier 
500 |a Includes index 
650 0 |a Economics 
650 0 |a Macroeconomics 
700 1 |a Gregory, Paul R. ,   |e author 
999 |a 0000003355   |b BOOK   |c Open Shelf   |e Default branch